000 00466nam a22001457a 4500
003 OSt
005 20260324103319.0
008 211111b ||||| |||| 00| 0 eng d
040 _cAIMIT LIBRARY
100 _aDeepa; Shetty, Annapoorna.
_d181711
_910203
245 _aFirst online university-OU modernization for k-12 /
260 _aCOSO IT Private Limited Ghaziabad, Uttar Pradesh.
_bAnnapoorna Shetty
_c2021
856 _uhttps://www.cosoit.com
942 _2ddc
_cPRO
999 _c220513
_d220513